Když ti láska zlomí srdce /

Main Author: Laurent, Diana
Corporate Author: Nakladatelství MOBA
Other Authors: Dvořáková, Dagmar
Language: Czech
Published: Brno : MOBA, [2026]
Edition: 3. vydání
Series: Večery pod lampou (MOBA)
Physical Description: 63 stran ; 22 cm
Book
Saved in:
LEADER 01545nam a2200433 i 4500
001 nkc20263747448
003 CZ PrNK
005 20260505134559.0
007 ta
008 260327t20262026xr g 000 j cze
015 |a cnb003747448 
020 |a 978-80-279-2550-6  |q (brožováno) :  |c Kč 56,99 
040 |a BOA001  |b cze  |e rda 
041 1 |a cze  |h ger 
072 7 |a 821-31/-34  |x Milostná, dobrodružná, fantastická próza  |2 Konspekt  |9 25 
080 |a 821-322.5  |2 MRF 
080 |a (0:82-322.5)  |2 MRF 
100 1 |a Laurent, Diana  |7 ola2003206386  |4 aut 
245 1 0 |a Když ti láska zlomí srdce /  |c Diana Laurentová ; přeložila Dagmar Dvořáková 
250 |a 3. vydání 
264 1 |a Brno :  |b MOBA,  |c [2026] 
264 4 |c ©2026 
300 |a 63 stran ;  |c 22 cm 
336 |a text  |b txt  |2 rdacontent 
337 |a bez média  |b n  |2 rdamedia 
338 |a svazek  |b nc  |2 rdacarrier 
490 1 |a Večery pod lampou,  |x 1803-4098 ;  |v sv. 418 
500 |a Přeloženo z němčiny 
655 7 |a milostné povídky  |7 fd132834  |2 czenas 
655 9 |a love short stories  |2 eczenas 
700 1 |a Dvořáková, Dagmar  |7 jn19981000893  |4 trl 
710 2 |a Nakladatelství MOBA  |7 ko2011627903  |4 pbl 
830 0 |a Večery pod lampou (MOBA)  |0 s 
910 2 |a BOA001  |b 2-1559.578 
990 |a BK 
995 |a 01 
991 |b 202604  |c NOV 
996 6 |b 2611029560  |c 2-1559.578  |l MZK  |r Sklad / do 1 hodiny  |n 0  |p p.v.  |w 002039750  |u 000010  |a 1  |e BOA001  |j MZK50  |s P 
996 7 |b 2611029561  |c 2-1559.578  |l MZK  |r Sklad / do 1 hodiny  |n 0  |p p.v.  |w 002039750  |u 000020  |a 1  |e BOA001  |j MZK50  |s A